000 00311nam a22001337a 4500
008 181018b xxu||||| |||| 00| 0 eng d
020 _a9781412913621
041 _aeng
080 _a316
100 _a50
101 _aSOC
245 _aContemporary Social and Sociological Theory
_cAllan, K
942 _2udc
_cBK
999 _c50137
_d50137